=LDR 00000nam 2200000 4500 =001 001187 =005 20250710125524 =035 ##$$a 0010-0725000124 =007 ta =008 250710################a##########0#ind## =020 ##$$a 978-623-307-959-4 =082 ##$$a 398.209 598 =084 ##$$a 398.209 598 TAK s =100 #$$a Taksale, Neha =245 1#$$a Siapa Namamu? /$c Neha Taksale =250 ##$$a Cetakan Pertama =260 ##$$a Jakarta :$b Badan Pengembangan dan Pembinaan Bahasa,$c 2022 =300 ##$$a 20 hlm. : $b ilus. ; $c 22,9 cm =650 #4$$a CERITA ANAK INDONESIA-TERJEMAHAN =650 #4$$a LITERASI-BAHAN BACAAN